[Event "Corus C"]
[Site "Wijk aan Zee NED"]
[Date "2006.01.24"]
[Round "9"]
[White "Van der Wiel, J."]
[Black "Jonkman, H."]
[Result "1/2-1/2"]
[WhiteElo "2505"]
[BlackElo "2470"]
[PlyCount "47"]
[EventDate "2006.01.14"]

1. e4 e5 2. Nf3 Nc6 3. Bc4 Bc5 4. b4 Bxb4 5. c3 Ba5 6. d4 Bb6 7. dxe5 Nge7 8.
Ba3 O-O 9. O-O h6 10. Qd2 Na5 11. Bd5 Re8 12. Qf4 Nxd5 13. exd5 d6 14. exd6
cxd6 15. Nbd2 g5 16. Qxd6 Qxd6 17. Bxd6 Rd8 18. Be5 Rxd5 19. Ne4 Rd8 20. Nf6+
Kf8 21. Nh7+ Kg8 22. Nf6+ Kf8 23. Nh7+ Kg8 24. Nf6+ 1/2-1/2

[Event "Corus C"]
[Site "Wijk aan Zee NED"]
[Date "2006.01.24"]
[Round "9"]
[White "Visser, Y."]
[Black "Bischoff, K."]
[Result "1/2-1/2"]
[WhiteElo "2485"]
[BlackElo "2560"]
[PlyCount "128"]
[EventDate "2006.01.14"]

1. e4 c5 2. d3 Nc6 3. g3 e6 4. Bg2 Nf6 5. Nf3 d5 6. Nbd2 Be7 7. O-O b6 8. Re1
Bb7 9. a3 Qc7 10. c3 dxe4 11. dxe4 Rd8 12. e5 Nd7 13. Qe2 O-O 14. Ne4 Ndxe5 15.
Nxe5 Qxe5 16. b4 Qc7 17. bxc5 bxc5 18. Rb1 Qc8 19. Qh5 Ba6 20. Nxc5 g6 21. Qf3
Bxc5 22. Qxc6 Qxc6 23. Bxc6 Rd3 24. Bh6 Rc8 25. Bb7 Bxb7 26. Rxb7 Bxa3 27. Rxa7
Bf8 28. Bxf8 Kxf8 29. Re4 Rdxc3 30. Rf4 R8c7 31. Rxc7 Rxc7 32. h4 Kg7 33. Ra4
Rd7 34. Kg2 f5 35. f4 Rd2+ 36. Kh3 Rd7 37. Ra6 Kf6 38. Kg2 h6 39. Kf3 Rb7 40.
Ke3 Rg7 41. Kf3 g5 42. hxg5+ hxg5 43. Rb6 g4+ 44. Kf2 Ra7 45. Rb2 Ra3 46. Rb7
Ra8 47. Rc7 Re8 48. Ra7 Re7 49. Ra6 Rc7 50. Rb6 Ke7 51. Ra6 Kd7 52. Rb6 Rc6 53.
Rb2 Rc5 54. Rb6 Rc2+ 55. Kf1 Rc6 56. Rb2 Kd6 57. Kf2 e5 58. fxe5+ Kxe5 59. Re2+
Kd4 60. Rd2+ Ke4 61. Re2+ Kd3 62. Re5 Rc2+ 63. Kf1 Rc1+ 64. Kf2 Rc2+ 1/2-1/2

[Event "Corus C"]
[Site "Wijk aan Zee NED"]
[Date "2006.01.24"]
[Round "9"]
[White "Hopman, P."]
[Black "Atalik, S."]
[Result "0-1"]
[WhiteElo "2332"]
[BlackElo "2618"]
[PlyCount "56"]
[EventDate "2006.01.14"]

1. d4 d5 2. c4 c6 3. Nc3 Nf6 4. Bg5 dxc4 5. a4 Qa5 6. Nf3 Bg4 7. Ne5 Nbd7 8.
Bxf6 Nxf6 9. Qd2 Rd8 10. Nxc4 Qc7 11. e4 Be6 12. e5 Nd5 13. Ne4 Bf5 14. f3 g6
15. g4 Bxe4 16. fxe4 Nb6 17. a5 Nxc4 18. Bxc4 Bg7 19. Qc3 O-O 20. h4 c5 21. h5
Rxd4 22. hxg6 Rxe4+ 23. Kd2 hxg6 24. Rae1 Rd8+ 25. Kc2 Qxe5 26. Qxe5 Rxc4+ 27.
Kb3 Rb4+ 28. Kc3 e6 0-1

[Event "Corus C"]
[Site "Wijk aan Zee NED"]
[Date "2006.01.24"]
[Round "9"]
[White "Adly, A."]
[Black "Werle, J."]
[Result "0-1"]
[WhiteElo "2473"]
[BlackElo "2514"]
[PlyCount "84"]
[EventDate "2006.01.14"]

1. d4 Nf6 2. Nf3 e6 3. e3 b6 4. Bd3 Bb7 5. O-O d5 6. c4 Nbd7 7. cxd5 exd5 8.
Nc3 Bd6 9. Qc2 a6 10. b3 O-O 11. Bb2 Qe7 12. Rac1 Ne4 13. Ne2 Rac8 14. Ng3 f5
15. Qe2 Ra8 16. Rc2 Rf7 17. Rfc1 c6 18. Nd2 a5 19. Ngf1 a4 20. Nb1 a3 21. Ba1
Re8 22. f3 Ng5 23. Rxc6 Bxc6 24. Rxc6 Rf6 25. Rc2 Ne6 26. Nc3 Nc7 27. Nxd5 Nxd5
28. Bc4 Qf7 29. e4 fxe4 30. fxe4 Kh8 31. Ng3 Nf4 32. Qg4 Qe7 33. e5 Nxe5 34.
dxe5 Bxe5 35. Bxe5 Qxe5 36. h4 Rg6 37. Qf3 Rf8 38. Kh2 Qe7 39. Nf5 Rxf5 40. g3
Rf8 41. Rd2 Ne6 42. Qe4 Qc7 0-1

[Event "Corus C"]
[Site "Wijk aan Zee NED"]
[Date "2006.01.24"]
[Round "9"]
[White "Afek, Y."]
[Black "Bensdorp, M."]
[Result "1-0"]
[WhiteElo "2370"]
[BlackElo "2230"]
[PlyCount "67"]
[EventDate "2006.01.14"]

1. e4 e6 2. d4 d5 3. e5 c5 4. c3 Nc6 5. Nf3 Qb6 6. a3 Nh6 7. b4 cxd4 8. cxd4
Nf5 9. Bb2 Bd7 10. g4 Nh6 11. h3 f6 12. exf6 gxf6 13. Nc3 Nf7 14. Na4 Qc7 15.
Rc1 Bh6 16. Rc3 a6 17. Nc5 Bc8 18. Qc2 Nfd8 19. h4 Bg7 20. g5 f5 21. Re3 Ne7
22. h5 b6 23. Qa4+ Bd7 24. Nxd7 Qxd7 25. Qxd7+ Kxd7 26. h6 Bf8 27. Ne5+ Kd6 28.
Rc3 Rg8 29. Bc1 Ndc6 30. Bf4 Nxe5 31. Bxe5+ Kd7 32. Rc7+ Kd8 33. f4 b5 34. Rh2
1-0

[Event "Corus C"]
[Site "Wijk aan Zee NED"]
[Date "2006.01.24"]
[Round "9"]
[White "Van der Weide, K."]
[Black "Atalik, E."]
[Result "1/2-1/2"]
[WhiteElo "2466"]
[BlackElo "2399"]
[PlyCount "45"]
[EventDate "2006.01.14"]

1. e4 e5 2. Nf3 Nf6 3. d4 Nxe4 4. Bd3 d5 5. Nxe5 Nd7 6. Nxd7 Bxd7 7. O-O Bd6 8.
c4 c6 9. cxd5 cxd5 10. Nc3 Nxc3 11. bxc3 O-O 12. Qh5 g6 13. Qxd5 Qc7 14. Bh6
Rfd8 15. h4 Be6 16. Qf3 Qxc3 17. Bg5 Re8 18. Rfd1 Qc8 19. Bb5 Bg4 20. Qd5 Rd8
21. Bxd8 Qxd8 22. g3 Bxd1 23. Rxd1 1/2-1/2

[Event "Corus C"]
[Site "Wijk aan Zee NED"]
[Date "2006.01.24"]
[Round "9"]
[White "Marcelin, C."]
[Black "Li Shilong"]
[Result "1-0"]
[WhiteElo "2441"]
[BlackElo "2543"]
[PlyCount "123"]
[EventDate "2006.01.14"]

1. d4 d5 2. c4 dxc4 3. e3 e5 4. Bxc4 exd4 5. exd4 Nf6 6. Nc3 Bd6 7. Qe2+ Qe7 8.
Qxe7+ Kxe7 9. Bg5 Be6 10. Bxe6 Kxe6 11. O-O-O Nbd7 12. Nf3 Kf5 13. Be3 h6 14.
Nh4+ Kg4 15. g3 Kh5 16. Nb5 Nd5 17. Nxd6 cxd6 18. Nf5 Rac8+ 19. Kb1 Kg6 20.
Nxd6 Rc6 21. Nxb7 Rb6 22. Nc5 Nc3+ 23. Ka1 Nxd1 24. Nxd7 Nxe3 25. Nxb6 Nc2+ 26.
Kb1 Nxd4 27. Nd5 Nf3 28. h3 Nd2+ 29. Kc2 Ne4 30. Nc3 Rc8 31. f3 Ng5 32. f4 Ne4
33. Re1 f5 34. Re3 Kf7 35. Kb3 Nd2+ 36. Kc2 Ne4 37. a4 g5 38. Kb3 Nd2+ 39. Kc2
Ne4 40. Kb3 gxf4 41. gxf4 Rb8+ 42. Kc2 Rb4 43. b3 Nxc3 44. Rxc3 Rxf4 45. Rc7+
Ke6 46. Rxa7 Rf2+ 47. Kd1 Rf3 48. b4 Rxh3 49. b5 f4 50. b6 Rb3 51. a5 f3 52.
Ke1 Kd5 53. Rc7 Kd6 54. Rc4 Kd7 55. Rc5 Kd6 56. Rc8 Kd7 57. Rh8 Kc6 58. a6 Rb1+
59. Kf2 Rb2+ 60. Kxf3 Rb3+ 61. Ke2 Rb2+ 62. Kd3 1-0